Mascara - Deftones [lyrics] - Statistics

General Stats
  • This quiz has been taken 146 times
  • The average score is 62 of 80
Answer Stats
Answer % Correct
I
100%
I
100%
I
100%
you
98%
you
98%
You
98%
you
98%
to
96%
your
96%
your
96%
me
90%
the
90%
the
90%
married
89%
about
87%
about
87%
about
87%
about
87%
bad
87%
bad
87%
bad
87%
it's
87%
It's
87%
It's
87%
too
87%
too
87%
too
87%
You're
87%
there's
86%
there's
86%
there's
86%
something
85%
something
85%
her
83%
her
83%
her
83%
her
83%
But
80%
But
80%
I'm
79%
I'm
79%
all
77%
all
77%
eyes
77%
eyes
77%
In
76%
shady
73%
shady
73%
feel
71%
Long
71%
Long
71%
hate
70%
tattoos
70%
tonight
69%
tonight
69%
hair
68%
will
68%
blood
67%
shade
67%
shade
67%
'Cause
65%
'Cause
65%
have
65%
weak
65%
Well
65%
keep
64%
still
64%
do
63%
I'll
63%
What
63%
Into
62%
wrists
62%
sink
61%
soon
61%
got
60%
Of
58%
think
57%
bruise
56%
year
56%
I've
43%
No matching quizzes found
Score Distribution
Percent of People with Each Score
Percentile by Number Answered
Your Score History
You have not taken this quiz